| 000 | 01477cam a22003735a 4500 | ||
|---|---|---|---|
| 003 | EG-ScBUE | ||
| 005 | 20221109031338.0 | ||
| 008 | 100210t2007 gw a f b 00000beeng d | ||
| 020 | _a9783822856543 (pbk. in sl.cs.) | ||
| 035 | _a(GyWOH)har070123021 | ||
| 040 |
_aEG-ScBUE _beng _erda _cEG-ScBUE _dEG-ScBUE |
||
| 041 | 0 |
_aeng _ager _afre |
|
| 082 | 0 | 4 |
_a720.946 _bANT _222 |
| 245 | 0 | 0 |
_aAntoni Gaudi : _bcomplete works = Das gesamte Werk = L'oeuvre complete / _c[edited by] Isabel Artigas ; [English translation, Ana G. Canizares ; German translation, Andre Hochemer (chemper ; Franch translation: Annabelle Labbe] |
| 246 | 3 | 1 | _aGesamte Werk |
| 246 | 3 | 1 | _aL'oeuvre complete |
| 264 | 1 |
_aKöln : _bEvergreen, _c[2007] |
|
| 264 | 4 | _cc2007 | |
| 300 |
_a2 volumes : _billustrations (chiefly color) ; _c26 cm |
||
| 504 | _aIncludes bibliographical references. | ||
| 505 | 0 | _aVolume 1. 1852-1900 -- Volume 2. 1900-1926. | |
| 546 | _aText in English, German and French. | ||
| 590 | _adoaa mohamed | ||
| 600 |
_911167 _aGaudí, Antoni, _d1852-1926, _vCatalogs. _2BUEsh |
||
| 650 | 7 |
_aArt nouveau (Architecture) _zSpain _zCatalonia _vCatalogs. _2BUEsh _911168 |
|
| 651 | _2BUEsh | ||
| 653 | _bENGARC | ||
| 655 |
_vReading book _934232 |
||
| 700 | 1 |
_aArtigas, Isabel, _eeditor. _911169 |
|
| 700 | 1 |
_aCañizares, Ana Cristina G., _etranslator. _911170 |
|
| 700 | 1 |
_aHochemer, Andre, _etranslator. _911171 |
|
| 700 | 1 |
_aLabbe, Annabelle, _etranslator. _911172 |
|
| 942 |
_2ddc _cBB |
||
| 999 |
_c9124 _d9124 |
||